Statistiche per Scene da film #8

Clicka qui per fare il quiz!

Statistiche generali

  • Questo quiz è stato fatto 76 volte
  • Il punteggio medio è 6 su 16

Statistiche sulle risposte

Risposta% Corretto
La vita è bella
97%
Notte prima degli esami
74%
Il ciclone
61%
L'allenatore nel pallone
61%
è stata la mano di Dio
39%
Suburra
35%
Italiano medio
31%
Romanzo criminale
31%
Dogman
29%
Lo chiamavano Jeeg Robot
29%
Il bisbetico domato
21%
Profondo Rosso
18%
I cento passi
16%
L'ultimo bacio
13%
Ti mangio il cuore
11%
Travolti da un insolito destino nell'azzurro mare di agosto
8%

Distribuzione punteggi

Percentile per numero di risposta

Percentuale di utenti per punteggio

I tuoi punteggi nel tempo

Non hai fatto questo quiz